00430nam a22001217a 450000500170000000800410001702000180005805000210007610000200009724501410011725000120025826000380027020260122103836.0260122b |||||||| |||| 00| 0 eng d a9780538469326 aHF5979b.G44 GEL aDull Richard B. aAccounting Information Systems:bFoundations in Enterprise Risk Management/cRichard B. Dull, Ulric J. Gelinas, Jr. & Patrick R. Wheeler a9th Ed. aAustraliabCengage Learningc2012